00657nam a2200193Ia 4500008004100000020001300041082001400054100001800068245007300086250000700159260004100166300002900207500000700236600002100243650005000264942000700314952012700321999001500448240925s9999 xx 000 0 und d a70583005 a004.6 DEA aDeal, Richard 0aCCNA Cisco® Certified Network Associate Study Guide (Exam 640-801 ) aNA aNew Delhi:bTata McGraw Hillc,2005. axii,772p.bNAfPhotocopy aNA aComputer Science aComputer science, information & general works cBK 001040708CSaUITUbUITUd2005-02-11eFair Book Centerg500.00l0o004.6 DEApQ6437r2024-09-25 07:14:14w2024-09-25yBK c8936d8936